000 01679nam a2200229Ii 4500
008 221202s xx 000 0 und d
245 0 _aForbidden Memories
246 _aWomen's Experiences of 1965 in Eastern Indonesia
264 _bMonash University Publishing
_c2015
300 _a1 online resource
336 _atext
_btxt
_2rdacontent
337 _acomputer
_bc
_2rdamedia
338 _aonline resource
_bcr
_2rdacarrier
520 _aThis is the first book to consider the experiences of women survivors of the 1965 anti-communist violence in the majority Christian region of Eastern Indonesia. So far, most studies of the 1965 violence have focused on the Muslim majority population of Java and the Hindu majority population of Bali. Forbidden Memories presents stories from across the regions of Sumba, Sabu, Alor, Kupang and other parts of West Timor of women who were imprisoned and tortured or whose husbands were murdered. The book comprises a critical examination of the role of the Protestant Church at the time of the violence and, in its aftermath, the ongoing sanctions and political purges against those considered to be supporters of the Indonesian Communist Party. The writers argue that religious and state institutions failed to care for this vulnerable community in the face of state terrorism and a culture of fear.
653 _aGenocide Studies
653 _aHistory
653 _aIndonesia
700 1 _aKolimon, Mery
700 1 _aWetangterah, Liliya
856 _uhttps://docs.google.com/spreadsheets/d/1yKIrdCPDAG_9c22mwoOIO2DOhtj65Wqa/edit?usp=sharing&ouid=106555315294820607512&rtpof=true&sd=true
_yList of Curated E-Books
942 _cE-BOOK
999 _c93624
_d93621